LIBRARY & INFORMATION CENTRE, KCAET, TAVANUR

ONLINE PUBLIC ACCESS CATALOGUE (OPAC)

Development and quality evaluation of vacuum-impregnated coconut chips / (Record no. 18081)

MARC details
000 -LEADER
fixed length control field 00410nam a2200145 4500
003 - CONTROL NUMBER IDENTIFIER
control field OSt
082 ## - DEWEY DECIMAL CLASSIFICATION NUMBER
Classification number 664
Item number ANU/DE
088 ## - REPORT NUMBER
Report number T 607
100 ## - MAIN ENTRY--AUTHOR NAME
Personal name Anuj Sonal P
245 ## - TITLE STATEMENT
Title Development and quality evaluation of vacuum-impregnated coconut chips /
260 ## - PUBLICATION, DISTRIBUTION, ETC. (IMPRINT)
Place of publication Tavanur :
Name of publisher Department of Processing and Food Engineering,
Year of publication 2024.
300 ## - PHYSICAL DESCRIPTION
Number of Pages 163 p.
700 ## - ADDED ENTRY--PERSONAL NAME
Personal name Sudheer K P (Guide)
942 ## - ADDED ENTRY ELEMENTS (KOHA)
Koha item type Theses
Holdings
Home library Current library Full call number Accession Number Koha item type Public note
KAUAET KAUAET 664 ANU/DE T 607 Theses M.Tech Thesis
free website counter